Tres Aventurers italians a Barcelona : Casanova, Cagliostro, Lechi / Carles Pi i Sunyer ; edició a cura de Francesc Vilanova Casanova, Cagliostro, Lechi / Carles Pi i Sunyer ; edició a cura de Francesc Vilanova
Descripción Física:
122 p. ; 21 cm
Colección:
Biblioteca Carles Pi i Sunyer
Otros Autores:
Vilanova, Francesc
MARC
| LEADER | 00000nam a2200000Ia 4500 | ||
|---|---|---|---|
| 001 | 13567 | ||
| 008 | 160829s1992 xx 000 0 cat d | ||
| 080 | |a L-1-378 | ||
| 100 | 1 | |a Pi i Sunyer, Carles, |d 1888-1971 |9 55456 | |
| 245 | |a Tres Aventurers italians a Barcelona : |b Casanova, Cagliostro, Lechi / Carles Pi i Sunyer ; edició a cura de Francesc Vilanova | ||
| 260 | |a Barcelona : |b Fundació Carles Pi i Sunyer d'Estudis Autonòmics i Locals, |c 1992 | ||
| 300 | |a 122 p. ; |c 21 cm | ||
| 490 | |a Biblioteca Carles Pi i Sunyer | ||
| 650 | |a Casanova, Giacomo |9 39992 | ||
| 650 | |a Cagliostro, Alessandro, conte di (1743-1795) |9 39993 | ||
| 650 | |a Lechi, Giuseppe |9 39994 | ||
| 700 | |a Vilanova, Francesc |e editor literari |9 37678 | ||
| 710 | 1 | |a Fundació Carles Pi i Sunyer d'Estudis Autonòmics i Locals |9 52753 | |
| 901 | |a Arxiu | ||
| 942 | |n 1 |2 udc | ||
| 952 | |0 0 |1 0 |4 0 |6 L1378 |7 1 |9 49333 |a Arxiu |b Arxiu |d 2016-12-01 |l 0 |o L-1-378 |p 13567 |r 2016-12-01 00:00:00 |w 2016-12-01 |y ARXIU | ||
| 999 | |c 53175 |d 53175 | ||